| 000 | 00754nam a2200241 u 4500 | ||
|---|---|---|---|
| 005 | 20240919064623.0 | ||
| 008 | 190227s2008 r 000 0 eng d | ||
| 020 | _a9789974679276 | ||
| 035 | _aUPN01000229315 | ||
| 049 | _aI | ||
| 050 | 4 |
_aQH541.14 _bA7.3 |
|
| 100 | 1 |
_aArispe, Nelly _933103 |
|
| 245 | 1 | 0 |
_aCuando el mar se oscureció / _cNelly Arispe, Blanca Varela, Hernán Sorhuet. |
| 260 |
_aUruguay : _bLatinbooks International, _c2008. |
||
| 300 |
_a[15] p. : _bil. col. |
||
| 440 | 0 | _aCuentos ambientales | |
| 650 | 4 |
_aECOLOGIA - _vLITERATURA INFANTIL _923452 |
|
| 650 | 4 |
_aEducación ambiental _94338 |
|
| 700 | 1 |
_aVarela, Blanca, _ecoaut. |
|
| 700 | 1 |
_aSorhuet, Hernán Luis, _ecoaut. _933653 |
|
| 905 | _aInfantil | ||
| 999 |
_c201410 _d201410 |
||